000 00878cam a2200277 a 4500
001 991160
003 OSt
005 20150408114148.0
008 860214s1986 maua 000 0 eng
010 _a 86070445
020 _a0890062129 (pbk.)
020 _a0890062129 (pbk. : v. 1)
020 _a9780273760597
040 _aDLC
_cDLC
_dDLC
050 0 0 _aQA76.9.D5
_bD5936 1986
082 0 0 _a004.36
_219
_bDIS
245 0 0 _aDistributed systems /
_cWesley W. Chu, editor.
260 _aDedham, MA :
_bArtech House,
_cc1986.
300 _a2 v. :
_bill. ;
_c28 cm.
505 0 _av. 1. Distributed processing systems -- v. 2. Distributed data base systems.
650 0 _aElectronic data processing
_xDistributed processing.
650 0 _aDatabase management.
700 1 _aChu, Wesley W.
_939029
906 _a7
_bcbc
_corignew
_d2
_eopcn
_f19
_gy-gencatlg
942 _2ddc
_cDVD
999 _c31738
_d266238